000 00255nam a2200109Ia 4500
008 190216s9999||||xx |||||||||||||| ||und||
100 _aNambiar M C K
245 0 _aEssentials Of Business Management
260 _bS Chand & Co
300 _a451p
942 _cBK
999 _c5952
_d5952